000 00434nam a2200157 a 4500
005 20260312190758.0
008 260311s2026##################000#0#eng##
020 _a9780062548085
041 _aEng
082 0 4 _a362.292 LAR
100 _aLarsen Earnie
245 1 0 _aStage II relationships
_blove beyond addition
260 _aHarperOne
_bAn Imprint of HarperCollins Publishers
300 _a122p,
_c22cm, ill.,
942 _cENGLISH
999 _c617547
_d617547